|
|
|
|
| LEADER |
00000nam a2200000Ia 4500 |
| 008 |
180712b1981 cr ||||| |||| 00| | spa d |
| 999 |
|
|
|c 2208
|d 2208
|
| 090 |
|
|
|a 18.01.00
|b 211
|
| 110 |
|
|
|a Universidad de Costa Rica. Vicerrectoría de Investigación
|9 3993
|
| 245 |
1 |
0 |
|a Primeras Jornadas de Investigación : resúmenes /
|c Universidad de Costa Rica. Vicerrectoría de Investigación
|
| 260 |
|
|
|a San José, Costa Rica :
|b Oficina de Publicaciones de la Universidad de Costa Rica,
|c 1981
|
| 300 |
|
|
|a 370 páginas
|
| 500 |
|
|
|a El centro posee Jornadas de investigación de 1999
|
| 650 |
1 |
4 |
|a INVESTIGACIÓN
|9 163
|
| 650 |
1 |
4 |
|a CONFERENCIA
|9 506
|
| 942 |
|
|
|i 00270 ,00114
|h 18.01.00 211
|2 z
|c 01
|
| 942 |
|
|
|i 00270 ,00114
|h 18.01.00 211
|2 z
|